| 000 | 00504nam a2200193 a 4500 | ||
|---|---|---|---|
| 005 | 20140310183437.0 | ||
| 008 | 080313s19uu xx 00 eng d | ||
| 020 | _a0671026763 | ||
| 050 |
_aPZ 7 _b.W429S20 1999 |
||
| 100 | _aWeiss, Bobbi | ||
| 245 |
_aAge of aquariums / _cBobbi Weiss. |
||
| 260 |
_aNew York : _bPocket Books, _c1999. |
||
| 300 |
_a165 p. : _c18 cm. |
||
| 440 |
_aSabrina the teenage witch _n20 |
||
| 650 | _aFiction. | ||
| 700 | _aWeiss, JG | ||
| 942 |
_cBK _2lcc |
||
| 999 |
_c22943 _d22943 |
||